Name The Top 10 Most Popular BFDI Contestants - Statistics

General Stats
  • This quiz has been taken 50 times
  • The average score is 5 of 10
Answer Stats
Rank Contestant % Correct
5th Tennis Ball
74%
2nd Golf Ball
65%
7th Black Hole
62%
10th Coiny
56%
4th= Winner
50%
1st Fanny
44%
4th= Fries
41%
9th Snowball
38%
6th Teardrop
29%
8th Nickel
24%
No matching quizzes found
Score Distribution
Percent of People with Each Score
Percentile by Number Answered
Your Score History
You have not taken this quiz